000 00869ntm a2200229 a 4500
001 43932
003 BD-RjUL
005 20211209053755.0
008 160629s1977 bg ||||| |||| 00| 0 ben d
035 _a(BD-RjUL)44050
040 _aBD-RjUL
_bben
_cBD-RjUL
_dBD-RjUL
041 _aben
082 _223
_a789.2095492
_bRAN 1977
245 1 0 _aরংপুর গীতিকা /
_cবদিউজ্‌ জামান, সম্পাদক
260 _aঢাকা :
_bবাংলা একাডেমী,
_c১৯৭৭
300 _a খন্ড ;
_c২১ সেমি.
505 _a খন্ড ১--
650 _aলোকসঙ্গীত
_z(রংপুর ) বাংলাদেশ
_9111365
650 _aFolk song
_z(Rangpur) Bangladesh
_9111366
700 _aজামান, বদিউজ্‌, সম্পাদক
_9111327
942 _2ddc
_cBK
999 _c43932
_d43932